000 05132cam a22018734i 4500
003 PE-LiUPU
005 20250813165349.0
008 150506s2015 sp b 000 0 spa d
020 _a8499696430
020 _a9788499696430
035 _a(Sirsi) i9788499696430
040 _aERH
_bspa
_cERH
_dPE-LiUPU
_erda
049 _aPRUA
082 0 4 _a612.88
_bV21
_221
082 0 4 _a612.88
_bV21 2015
100 1 _aValentín Maganto, Vicente,
_eautor.
245 1 0 _aDolor asistencia Clínica :
_bManejo en el ámbito médico-psicológico /
_cVicente Valentín Maganto, José Carlos Mingote Adán, Manuel López Espino (directores-coordinadores).
264 _aMadrid :
_bDíaz de Santos,
_c2015.
300 _a280 páginas :
_bilustraciones ;
_c22 centímetros.
336 _text
_2rdacontent
337 _unmediated
_2rdamedia
338 _volume
_2rdacarrier
504 _aBibliografía : páginas 279-280.
505 2 _aEl dolor crónico -- El dolor como experiencia personal -- Fisiopatología del dolor clínico -- Estrategia básica del tratamiento del dolor -- Los antidepresivos como analgésicos adyuvantes, secundarios o coanalgésicos -- Dolor crónico y factoes psicológicos: interacción y posibilidades terapéuticas -- El dolor y la infancia -- Dolor en el paciente geriátrico -- Adicciones y dolor -- La ipnosis en el control del dolor -- Valoración del dolor crónico desde la perspectiva médico-legal.
526 _aP203
526 _aP200
526 _aSEG65
526 _aSEG64
526 _aSEG63
526 _aSEG62
526 _aSEG61
526 _aSEG60
526 _aSEG59
526 _aSEG58
526 _aSEG57
526 _aSEG56
526 _aSEG55
526 _aSEG54
526 _aSEG53
526 _aSEG52
526 _aSEG51
526 _aSEG50
526 _aSEG49
526 _aSEG48
526 _aSEG47
526 _aSEG46
526 _aSEG24
526 _aSEG23
526 _aSEG22
526 _aSEG21
526 _aSEG20
526 _aSEG19
526 _aSEG18
526 _aSEG17
526 _aSEG16
526 _aSEG14
526 _aSEG13
526 _aSEG12
526 _aSEG11
526 _aSEG10
526 _aSEG09
526 _aSEG06
526 _aSEG05
526 _aSEG04
526 _aSEG03
526 _aSEG02
526 _aSEG68
526 _aSEG66
526 _aSEG45
526 _aSEG25
526 _aSEG01
526 _aP163
526 _aP162
526 _aP161
526 _aP160
526 _aP159
526 _aP158
526 _aP157
526 _aP156
526 _aP155
526 _aP154
526 _aP153
526 _aP152
526 _aP151
526 _aP150
526 _aP149
526 _aP142
526 _aP141
526 _aP140
526 _aP139
526 _aP138
526 _aP137
526 _aP132
526 _aP131
526 _aP130
526 _aP126
526 _aP125
526 _aP124
526 _aP123
526 _aP115
526 _aP122
526 _aP121
526 _aP116
526 _a P114
526 _aP112
526 _aP111
526 _aP104
526 _aP103
526 _aP102
526 _aP101
526 _aP100
526 _aP96
526 _aP95
526 _aP93
526 _aP92
526 _aP91
526 _aP88
526 _aP83
526 _aP82
526 _aP79
526 _aP78
526 _aP75
526 _aP74
526 _aP71
526 _aP69
526 _a P51
526 _aP49
526 _aP48
526 _aP47
526 _aP33
526 _aP31
526 _a P30
526 _aP29
526 _aP27
526 _aP26
526 _aP25
526 _aP24
526 _a P22
526 _aP10
526 _aP09
526 _a P08
526 _aP06
526 _aP05
526 _aP04
526 _aP01
541 _g001-003151;
541 _g001-003638;
650 0 7 _aDolor.
_2thub
650 0 7 _aRelacions metge-pacient.
_2thub
700 1 _aLópez Espino, Manuel,
_ecoordinador.
700 1 _aMingote Adán, José Carlos,
_ecoordinador.
942 _2ddc
_cBOOK
949 _a612.88 V21
_wDEWEY
_c1
_i74019
_lCCODEBUL1
_mBUL
_p34.16
_r0
_sY
_tBOOK
_u2016-7-12
_xSALUD
_PP30
_0COMPRA
_o.STAFF. Colección General
949 _a612.88 V21 2015
_wDEWEY
_c1
_iFT03796
_lCCODEBUT1
_mBUT
_p{dolar}112.00
_r0
_sY
_tBOOK
_u2018-09-07
_xFSALUD
_PP33
_0COMPRA
_o.STAFF. Colección General Tarapoto
994 _aC0
_bPEPRU
596 _a1 2
999 _a612.88 V21
_wDEWEY
_c11076
_i74019
_d11076
_e2019-8-21
_f2021-11-3
_g5
_lCCODEBUL1
_mBUL
_n2
_p34.16
_q1
_r0
_sY
_tBOOK
_u2016-7-12
_xSALUD
_PP30
_0COMPRA
_o.STAFF. Colección General
999 _a612.88 V21 2015
_wDEWEY
_c1
_iFT03796
_d2019-10-7
_e2019-10-4
_f2019-2-20
_g1
_lCCODEBUT1
_mBUT
_n6
_p112.00
_r0
_sY
_tBOOK
_u2018-9-7
_xSALUD
_PP33
_0COMPRA
_1FCOMPR2
_o.STAFF. Colección General Tarapoto
980 _81
_gALBERTO SANCHEZ Responsable de Automatización